书目信息 |
| 题名: |
西厢记
|
|
| 作者: | 杨振雄 改编 | |
| 分册: | ||
| 出版信息: | 上海 上海文艺出版社 1983 |
|
| 页数: | 770页 | |
| 开本: | 21cm | |
| 丛书名: | ||
| 单 册: | ||
| 中图分类: | I239.1 | |
| 科图分类: | ||
| 主题词: | 弹词--作品--中国 | |
| 电子资源: | ||
| ISBN: | ||
| 000 | 00676nam0 2200241 45 | |
| 001 | 0183002388 | |
| 005 | 20041213093951.7 | |
| 010 | @dCNY2.60 | |
| 091 | @a8078.3405 | |
| 100 | @a19950322d1983 em y0chiy0121 ea | |
| 101 | 0 | @achi |
| 102 | @aCN@b310000 | |
| 105 | @ay z 000by | |
| 200 | 10 | @a西厢记@Axi xiang ji@e杨振雄演出本@EYang Zhen Xiong Yan Chu Ben@f杨振雄改编@FYang Zhen Xiong Gai Bian |
| 210 | @a上海@c上海文艺出版社@d1983 | |
| 215 | @a770页@d21cm | |
| 517 | @a杨振雄演出本 | |
| 606 | @a弹词@x作品@x中国 | |
| 690 | @aI239.1@v3 | |
| 701 | 0 | @a杨振雄@4改编 |
| 801 | 0 | @aCN@b上海图书馆@c20040415 |
| 801 | 2 | @aCN@bNLC@c20040415 |
| 905 | @dI239.1@e33@f1@b160297 | |
| 西厢记:杨振雄演出本/杨振雄改编.-上海:上海文艺出版社,1983 |
| 770页;21cm |
| ISBN :CNY2.60 |
| ● |
| 相关链接 |
|
|
|
|
正题名:西厢记
索取号:I239.1/33
 
预约/预借
| 序号 | 登录号 | 条形码 | 馆藏地/架位号 | 状态 | 备注 |
| 1 | 0093929 | 000961711 | 第二借阅区/ [索取号:I239.1/33] | 在馆 | |
| 2 | 0093930 | 000961720 | 第二借阅区/ [索取号:I239.1/33] | 在馆 | |
| 3 | 0093931 | 202082478 | 第一样本阅览室/ [索取号:I239.1/33] | 在馆 | |
| 4 | 0160296 | 000061818 | 第二借阅区/ [索取号:I239.1/33] | 在馆 | |
| 5 | 0160297 | 001592592 | 第二借阅区/ [索取号:I239.1/33] | 在馆 | |
| 6 | 0160298 | 000961748 | 第二借阅区/ [索取号:I239.1/33] | 在馆 | |
| 7 | 0160299 | 000961739 | 密集书库/ [索取号:I239.1/33] | 在馆 | |
| 8 | 0160300 | 000063157 | 密集书库/ [索取号:I239.1/33] | 在馆 |